000 00317 a2200109 4500
001 ART_41958
005 20260410161814.0
008 260409a
245 1 0 _aLa enseñanza del derecho aeronáutico
100 1 _aCapaldo, Griselda
773 0 _tAcademia
_g- Año 7, Nº 13 (ene./jun. 2009)
_wREV4314
999 _c21758
_d21758